000 00637nam a22001817a 4500
003 BUBTL
008 200210b xxu||||| |||| 00| 0 eng d
020 _a7899848942802
082 _a954.925 / Is41k
100 _93020
_aইসলাম, আমীরুল
245 _aকিশোর মুক্তিযুদ্ধ সমগ্র -১ /
_cআমীরুল ইসলাম
260 _aঢাকা :
_bসময় প্রকাশন,
_cc2012.
300 _a328 p. :
_c22 cm.
650 0 _91755
_aমুক্তিযুদ্ধ
856 _k0
_l0
_yDownload
942 _2ddc
_cBK
999 _c6279
_d6279